000 00272nas a2200109Ia 4500
008 140107s9999 xx 000 0 und d
040 _aLoreto College
041 _aEnglish
245 _aIndian Foreign Affairs Journal
260 _bCambridge University Press
942 _cBV
999 _c38942
_d89421